| 000 | 00822cam a2200229 4500 | ||
|---|---|---|---|
| 001 | ABS64390 | ||
| 008 | 010906n2001 000 0 eng u | ||
| 035 | _a(Sirsi) u114461 | ||
| 100 | _aCunynghame-Robertson, A | ||
| 245 | _aProposed reform of the 'Loi de L'Architecture 1977' in France | ||
| 260 | _c2001 | ||
| 490 |
_aASI Journal _v12(9) August 2001, 8-10(3) |
||
| 520 | _aHighlights a number of proposals from the proposed reform of the 'Loi de L'Architecture', looking at new areas of practice for architects, on conditions governing practice and on the reform of the profession's organisation. | ||
| 590 | _aABS | ||
| 650 | _aLOI DE L'ARCHITECTURE | ||
| 650 | _aFRANCE | ||
| 650 | _aREFORMS | ||
| 650 | _aARCHITECTS | ||
| 650 | _aARCHITECTURAL PRACTICE | ||
| 690 | _aINTERNATIONAL-EUROPE | ||
| 942 | _n0 | ||
| 999 |
_c68182 _d68182 |
||